|
|
|
|
| LEADER |
00000cam a2200000 4500 |
| 001 |
vtls012265612 |
| 003 |
SK-MaSNL |
| 005 |
20260302095704.0 |
| 008 |
241017s1974 xo g g n 000 0 slo |
| 015 |
|
|
|a SNBA1975
|
| 020 |
|
|
|q (brožované)
|
| 040 |
|
|
|a SNK
|b slo
|c SNK
|e rda
|
| 041 |
0 |
|
|a slo
|
| 044 |
|
|
|a xo
|c SK
|
| 072 |
|
7 |
|a 781
|x Hudobná teória
|2 konspekt
|
| 080 |
|
|
|a 781
|2 2001
|
| 080 |
|
|
|a 781.22
|2 2011
|
| 080 |
|
|
|a 781.62
|2 2011
|
| 080 |
|
|
|a (072)
|2 2011
|
| 100 |
1 |
|
|a Dobo, Ondrej
|4 aut
|9 373003
|
| 245 |
1 |
0 |
|a Abeceda začínajúceho hudobníka
|b elementárne základy všobecnej náuky o hudbe pre hudobné kurzy
|c Ondrej Dobo
|
| 264 |
|
1 |
|a Bratislava
|b Krajské osvetové stredisko Bratislava
|c 1975
|
| 300 |
|
|
|a 76 strán
|c 29 cm
|
| 336 |
|
|
|a text
|b txt
|2 rdacontent
|
| 337 |
|
|
|a bez média
|b n
|2 rdamedia
|
| 338 |
|
|
|a zväzok
|b nc
|2 rdacarrier
|
| 366 |
|
|
|e 500 kusov
|
| 504 |
|
|
|a Obsahuje bibliografiu
|
| 650 |
0 |
7 |
|a hudobná náuka
|2 SNKPH
|9 4343
|
| 650 |
0 |
7 |
|a akordy
|2 SNKPH
|9 73464
|
| 650 |
0 |
7 |
|a Chords
|2 SNKPHeng
|9 373004
|
| 650 |
0 |
7 |
|a noty
|2 SNKPH
|9 315547
|
| 650 |
0 |
7 |
|a hudobný rytmus
|2 SNKPH
|9 3210
|
| 650 |
0 |
7 |
|a Music rhythm
|2 SNKPHeng
|9 373005
|
| 655 |
|
7 |
|a učebné pomôcky
|2 SNKPH
|9 70567
|
| 655 |
|
7 |
|a Teaching aids
|2 SNKPHeng
|9 315691
|
| 852 |
|
|
|a Slovenská národná knižnica
|
| 954 |
|
|
|a odborná, vedecká literatúra pôvodná (slovenská)
|2 lita
|
| 958 |
|
|
|a NB
|
| 999 |
|
|
|c 1217821
|d 1219751
|
| 952 |
|
|
|a SNK
|b SNK
|y PREZ
|7 0
|p 17A1536431
|o snkSB 100901
|i snk2024/16054
|8 1
|0 0
|1 0
|4 0
|d 2024-10-17
|l 0
|r 2026-02-24 23:34:24
|w 2026-02-24
|